000
00324nam a22001217a 4500
999
_c
4478
_d
4478
008
250225b ||||| |||| 00| 0 eng d
020
_a
9789676117472
082
_a
591.7554 VAU
100
_e
VAUGHAN,JENNY
245
_a
WHY DOWORMS DON'T HAVE LEGS?
260
_a
GREAT BRITAIN
_b
TICKTOCK ENTERTAINMENT LTD
_c
2003
942
_2
ddc